• Montano Antonella, Andriola Elda

di Personal Name

Records bibliografici associati: 1

001 - CONTROL NUMBER

  • control field: 62481

003 - CONTROL NUMBER IDENTIFIER

  • control field:

005 - DATE AND TIME OF LATEST TRANSACTION

  • control field: 20250716140306.0

008 - FIXED-LENGTH DATA ELEMENTS

  • fixed length control field: 250716|| aca||aabn | a|a d

040 ## - CATALOGING SOURCE

  • Original cataloging agency:
  • Transcribing agency:

100 ## - HEADING--PERSONAL NAME

  • Personal name: Montano Antonella, Andriola Elda

670 ## - SOURCE DATA FOUND

  • Source citation: Work cat.: ()210024: Montano Antonella, Andriola Elda, Parlare di omosessualità a scuola., 2011
CREDITS: SOCIETA' SAN PAOLO Via A.Severo, 58 - ROMA (RM) & PERIODICI SAN PAOLO SRL Via Giotto, 36 MILANO & CISF Via Giotto, 36 MILANO & EDIZIONI SAN PAOLO SRL,  Piazza Soncino, 5 CINISELLO BALSAMO (MI) -- ITALY